Countries that use the East Caribbean Dollar - Statistics

General Stats
  • This quiz has been taken 837 times
  • The average score is 7 of 8
Answer Stats
Countries % Correct
Saint Kitts and Nevis
98%
Saint Lucia
98%
Saint Vincent and the Grenadines
98%
Antigua and Barbuda
95%
Dominica
93%
Grenada
93%
Montserrat
46%
Anguilla
42%
No matching quizzes found
Score Distribution
Percent of People with Each Score
Percentile by Number Answered
Your Score History
You have not taken this quiz